| 000 | 01887nam a2200457 i 4500 | ||
|---|---|---|---|
| 003 | EG-GICUC | ||
| 005 | 20260121101439.0 | ||
| 008 | 251207s1925 fr o|||fr|||| 001 0 fre d | ||
| 040 |
_aEG-GiCUC _bfre _cEG-GiCUC _dEG-GiCUC _eRda |
||
| 041 | _afre | ||
| 082 | 0 | 4 |
_221 _a341.1 _bRE |
| 092 | 0 | 4 | _221 |
| 099 | _aLaw1 11 341.1 RE 1925 | ||
| 245 | 0 | 0 |
_aRecueil des cours. _n1924, Tome 3 |
| 264 | 1 |
_aParis : _bHachette, _c1925. |
|
| 300 |
_a473 page : _bPhotographs ; _c24 cm. |
||
| 336 |
_2rda contenu _a texte |
||
| 337 |
_2rda medias _aOrdinateur |
||
| 338 |
_2 transporteur rda _a Ressource en ligne |
||
| 490 | 1 |
_aAcadémie de droit international ; _v1924, t.3. |
|
| 500 | _a"1924 II." | ||
| 500 | _aAt head of title: Académie de droit international. | ||
| 504 | _aIncludes bibliographical references and index. | ||
| 505 |
_aContient les cours de l'Académie y compris : _tLa communauté internationale / _rpar Jesse S. Reeves -- _tLa théorie anglo-saxonne des conflits de lois / _rpar Hugh H. L. Bellot -- _tLes unions internationales de nature économique / _rpar Wilhelm Kaufmann -- _tDroit et technique des traités de commerce / _rpar Boris Nolde. |
||
| 546 | _aTexte en français | ||
| 650 | 1 | 4 |
_aDroit international _2qrmak |
| 650 | 1 | 4 |
_aCommunauté internationale _2qrmak |
| 650 | 1 | 4 |
_aConflit de lois _2qrmak |
| 650 | 1 | 4 |
_aDroit international économique _2qrmak |
| 650 | 1 | 4 |
_atraités de commerce _2qrmak |
| 651 | 1 | _2qrmak | |
| 700 | 1 |
_aReeves, Jesse Siddall, _d1872-1942, _eAuteur |
|
| 700 | 1 |
_aBellot, Hugh H. L., _d1861-1928 _eAuteur |
|
| 700 | 1 |
_aKaufmann, Wilhelm, _d1858-1926. _eAuteur |
|
| 700 | 1 |
_aNolʹde, B. Ė., _d1876-1948, _eAuteur |
|
| 710 | _aACADÉMIE DE DROIT INTERNATIONAL. | ||
| 830 | 0 |
_arecueil des cours ; _v1924, t .3. |
|
| 856 | 4 | 0 | _uhttps://fll.law.cu.edu.eg/fulltext/bks/B11-05187.pdf |
| 905 |
_a75 _eHassnaa |
||
| 942 |
_2ddc _n0 _cBK _e21 |
||
| 999 |
_c48941 _d48941 |
||